| 000 | 01501nam a2200313 i 4500 | ||
|---|---|---|---|
| 001 | 768714001 | ||
| 003 | CO-MdFUSB | ||
| 005 | 20230309103840.0 | ||
| 007 | ta | ||
| 008 | 230302t2011 enko|||| |||| 00| 0 eng d | ||
| 020 | _a9780830838981 | ||
| 040 |
_aCO-MdFUSB _bspa _cCO-MdFUSB _dCO-MdFUSBC _erda |
||
| 041 | _aeng | ||
| 082 |
_223 _a230.42 _bST849my |
||
| 100 |
_eautor _aStewart, Kenneth J. |
||
| 245 | 1 |
_aTen myths about Calvinism : _brecovering the breadth of the Reformed tradition _c/ Kenneth J. Stewart |
|
| 264 | 1 |
_aInglaterra : _bIVP Academic, _c[2011] |
|
| 264 | 4 | _c© 2011 | |
| 300 |
_a300 Páginas _c; 23 cm |
||
| 336 |
_2rdacontent _atexto _btxt |
||
| 337 |
_2rdamedia _asin mediación _bn |
||
| 338 |
_2rdacarrier _avolumen _bnc |
||
| 505 | _aUn hombre (Calvino) y una ciudad (Ginebra) son determinantes --El punto de vista de Calvino sobre la predestinación debe ser el nuestro. -- TULIP es la vara de medir de los verdaderamente reformados -- Los calvinistas ven con malos ojos el avivamiento y el despertar -- El calvinismo es en gran medida antimisionero. -- El calvinismo promueve el antinomianismo -- El calvinismo lleva a la teocracia -- El calvinismo socava las artes creativas -- El calvinismo se resiste a la igualdad de género -- El calvinismo ha fomentado la desigualdad racial -- Recuperando nuestro rumbo: el calvinismo en el siglo XXI | ||
| 563 | _aRustico | ||
| 650 | 0 |
_9937 _aCalvinismo |
|
| 942 | _cBK | ||
| 945 | _aMag1104 | ||
| 999 |
_c68477 _d68477 |
||